000 00670nam a2200205 a 4500
001 000034316
003 DO-SdBNP
005 20220825103352.0
008 111003s1920 cu 000 0 spa d
040 _aDO-SdBNP
_bspa
_cBNPHU
082 _axxx
_bC617c
100 1 _aClavijo Tisseur, Arturo
_959745
_d1886-1958
245 1 0 _aConsagracion eterna :
_bpoesías y prosas /
_cArturo Clavijo Tisseur; prólogo Gustavo Sánchez Galarraga.
260 _aSantiago de Cuba :
_bLa Moderna Poesía,
_c1920.
300 _a251 p. ;
_c21 cm.
590 _aInventariado, 2022/ YL
700 1 _aSánchez Galarraga, Gustavo
_epról.
_959746
910 _aYLockward
942 _2ddc
_cLBS1
999 _c33807
_d33807